Intercorporate relations : the structural analysis of business /

Bibliographic Details
Other Authors: Mizruchi, Mark S., Schwartz, Michael, 1942-
Format: Book
Language:English
Published: Cambridge [Cambridgeshire] ; New York : Cambridge University Press, 1987.
Series:Structural analysis in the social sciences ; 1.
Subjects:

MARC

Tag First Indicator Second Indicator Subfields
LEADER 00000cam a2200000 a 4500
001 in00000031233
005 20151007060337.0
008 870305s1987 enka b 00100 eng
010 |a  87006388  
020 |a 0521335035 
035 |a (OCoLC)15629138 
035 |9 AAC0626AM 
040 |a DLC  |c DLC  |d TXA  |d UtOrBLW 
049 |a TXAM  |c 1 [A11682846], 2 [A11118148] 
050 0 0 |a HD2741  |b .I585 1987 
082 0 |a 338.7  |2 19 
245 0 0 |a Intercorporate relations :  |b the structural analysis of business /  |c edited by Mark S. Mizruchi, Michael Schwartz. 
264 1 |a Cambridge [Cambridgeshire] ;  |a New York :  |b Cambridge University Press,  |c 1987. 
300 |a x, 330 pages :  |b illustrations ;  |c 24 cm. 
336 |a text  |b txt  |2 rdacontent 
337 |a unmediated  |b n  |2 rdamedia 
338 |a volume  |b nc  |2 rdacarrier 
490 1 |a Structural analysis in the social sciences ;  |v 1 
504 |a Includes bibliographies and indexes. 
650 0 |a Corporations. 
650 0 |a Directors of corporations. 
650 0 |a Capitalists and financiers. 
650 0 |a Functionalism (Social sciences) 
700 1 |a Mizruchi, Mark S. 
700 1 |a Schwartz, Michael,  |d 1942- 
830 0 |a Structural analysis in the social sciences ;  |v 1. 
999 |a MARS 
999 f f |s 3754c633-d8cb-31d0-a756-3ff9c0ab5b9a  |i 0d059288-1e0b-37a2-8b59-b83f71b5f812  |t 0 
952 f f |p normal  |a Texas A&M University  |b College Station  |c Sterling C. Evans Library  |d Evans: Library Stacks  |t 0  |e HD2741 .I585 1987  |h Library of Congress classification  |i unmediated -- volume  |m A14811682846 
998 f f |a HD2741 .I585 1987  |t 0  |l Evans: Library Stacks